Flags of Countries That Border the Caribbean - Statistics

General Stats
  • This quiz has been taken 24 times
  • The average score is 21 of 22
Answer Stats
Picture Answer % Correct
Antigua and Barbuda
100%
Barbados
100%
Colombia
100%
Dominican Republic
100%
Jamaica
100%
Mexico
100%
Suriname
100%
Venezuela
100%
Belize
96%
Cuba
96%
Guyana
96%
Haiti
96%
Honduras
96%
Panama
96%
St. Lucia
96%
Trinidad & Tobago
96%
Costa Rica
91%
Grenada
91%
Guatemala
91%
Nicaragua
91%
St. Kitts and Nevis
91%
St. Vincent and the Grenadines
91%
No matching quizzes found
Score Distribution
Percent of People with Each Score
Percentile by Number Answered
Your Score History
You have not taken this quiz